000 00855nam a22002297a 4500
999 _c11855
_d11855
003 AR-CdUCM
008 190405b ||||| |||| 00| 0 spa d
040 _aMUNICIPALIDAD PROVINCIAL DEL CUSCO
_cBIBLIOTECA MUNICIPAL DEL CUSCO
082 _a616.89 /
_bZ97 / 1936
100 _aZweig, Stefan
_910851
245 _aSigmund Freud /
260 _bEds. Pax,
_c1936.
300 _a128 páginas ;
_c19 cm.
440 _aColección Vidas y temas
_929428
505 _aContenido: La situación de los albores del siglo -- Retrato moral -- EL punto de partida -- El mundo de las inconsciencias -- Interpretación de los sueños...
650 _aFreud
_916135
650 _aPsicoanálisis
_916757
650 _aInterpretación de los sueños
_929429
700 _aPayarols, Francisco (traducción)
_929430
942 _2ddc
_cLIBROS
945 _adavv
_d05/04/2019